| 000 -LEADER |
| fixed length control field |
00805nam a22001577a 4500 |
| 003 - CONTROL NUMBER IDENTIFIER |
| control field |
OSt |
| 005 - DATE AND TIME OF LATEST TRANSACTION |
| control field |
20150930101231.0 |
| 008 - FIXED-LENGTH DATA ELEMENTS--GENERAL INFORMATION |
| fixed length control field |
150930b xxu||||| |||| 00| 0 eng d |
| 040 ## - CATALOGING SOURCE |
| Transcribing agency |
RUA |
| 082 ## - DEWEY DECIMAL CLASSIFICATION NUMBER |
| Classification number |
AGR PEN 2013 B057 Or.1 |
| 100 ## - MAIN ENTRY--PERSONAL NAME |
| 9 (RLIN) |
1591 |
| Personal name |
PENH LEAKHNAK |
| 245 ## - TITLE STATEMENT |
| Title |
Effectiveness of herbicides on phkarumdoul variety under prey khmer soil condition at osaray commune, tramkokndistrict, takeo province, ( ប្រសិទ្ធភាពថ្នំាសម្លាប់ស្មៅលើពូជស្រូវផ្ការំដួល លក្ខខណ្ឌដីព្រៃ នៅឃុំអូរសារាយ ស្រុកត្រំាកក់ ខេត្តតាកែវ) |
| 260 ## - PUBLICATION, DISTRIBUTION, ETC. (IMPRINT) |
| Place of publication, distribution, etc. |
phnom penh |
| Name of publisher, distributor, etc. |
RUA |
| Date of publication, distribution, etc. |
2013 |
| 300 ## - PHYSICAL DESCRIPTION |
| Extent |
ix, 42p. |
| Other physical details |
ill. |
| Dimensions |
29cm. |
| 942 ## - ADDED ENTRY ELEMENTS (KOHA) |
| Source of classification or shelving scheme |
|
| Koha item type |
AGR |